| 000 | 00671nam a22002413a 4500 | ||
|---|---|---|---|
| 999 |
_c8726 _d8726 |
||
| 001 | 8726 | ||
| 003 | BD - JhCC | ||
| 005 | 20180303171130.0 | ||
| 008 | 500101s1983 xx 000 0 und d | ||
| 020 | _a0174203403 | ||
| 035 | _a(BD - JhCC)8726 | ||
| 040 |
_aEQO _cEQO _dBD-JhCC |
||
| 041 | _aeng | ||
| 082 |
_bETH 1983 _222 _a428.24 |
||
| 100 | 1 | _aEtherton, Alan | |
| 245 | 1 | 0 |
_aGeneral certificate English / _cAlan Etherton |
| 250 | _a4th ed. | ||
| 260 |
_aUnited Kingdom : _c1983 _bWalton on Thames &c, |
||
| 300 |
_a200 P. : _bill. ; _c22 cm. |
||
| 650 |
_aEnglish language _xStudy and teaching (Secondary)--Foreign speakers |
||
| 942 |
_2ddc _cBK |
||